Návrh sieťovej inftraštruktúry pre strednú a veľkú firmu diplomová práca

Saved in:
Bibliographic Details
Main Author: Turčaník, Ľuboš
Corporate Author: Fakulta hospodárskej informatiky EU. Katedra aplikovanej informatiky
Other Authors: Schmidt, Peter, 1968-
Format: Book
Language:Slovak
Published: Bratislava 2023
Tags: Add Tag
No Tags, Be the first to tag this record!

MARC

LEADER 00000nbm a2200000 4500
001 0294060
005 20240227130135.3
041 0 |a slo 
044 |a SK 
245 1 0 |a Návrh sieťovej inftraštruktúry pre strednú a veľkú firmu  |b diplomová práca  |c Ľuboš Turčaník ; školiteľ: Peter Schmidt 
264 1 |a Bratislava  |c 2023 
300 |a 68 s. 
100 1 |a Turčaník, Ľuboš 
700 1 |a Schmidt, Peter, 1968- 
710 2 |a Fakulta hospodárskej informatiky EU. Katedra aplikovanej informatiky